| 000 | 00864nam a22002177a 4500 | ||
|---|---|---|---|
| 999 |
_c63697 _d63697 |
||
| 005 | 20240530110654.0 | ||
| 008 | 171218b ua fk f b 000 0 ara d | ||
| 040 | _aEG-CaGPL | ||
| 082 | 0 | 4 |
_221 _a709.01/ _bع ت |
| 100 | 0 | _aعزيزة سعيد محمود . | |
| 245 | 1 | 2 |
_aالتصوير والزخارف الجصية البارزة والموزايكو في الفن الروماني / _cعزيزة سعيد محمود . |
| 260 |
_aالقاهرة : _bدار نهضة الشرق ، |
||
| 300 |
_a240 ص : _bايض ؛ _c24 سم . |
||
| 504 | _aببليوجرافية : ص 231 - 235 | ||
| 650 | 0 | 7 |
_2qrmak _aالفن اليوناني |
| 650 | 0 | 7 |
_2qrmak _aالفن الروماني |
| 650 | 0 | 7 |
_2qrmak _aالعصر الهليني |
| 650 | 0 | 7 |
_2qrmak _aالفن الزخرفي _xتاريخ |
| 942 |
_2ddc _cBK |
||